Ekonomické dosahy pandémie v modeloch hľadania práce diplomová práca

Na minha lista:
Detalhes bibliográficos
Autor principal: Rakšányiová, Lea
Autor Corporativo: Fakulta hospodárskej informatiky EU. Katedra operačného výskumu a ekonometrie
Outros Autores: Szomolányi, Karol, 1976-
Formato: Livro
Idioma:eslovaco
Publicado em: Bratislava 2023
Tags: Adicionar Tag
Sem tags, seja o primeiro a adicionar uma tag!

MARC

LEADER 00000nbm a2200000 4500
001 0294041
005 20240205095946.5
041 0 |a slo 
044 |a SK 
245 1 0 |a Ekonomické dosahy pandémie v modeloch hľadania práce  |b diplomová práca  |c Lea Rakšányiová ; školiteľ: Karol Szomolányi 
264 1 |a Bratislava  |c 2023 
300 |a 62 s. 
100 1 |a Rakšányiová, Lea 
700 1 |a Szomolányi, Karol, 1976- 
710 2 |a Fakulta hospodárskej informatiky EU. Katedra operačného výskumu a ekonometrie